Concepts of Electricity and Magnetism / (Record no. 8402)
[ view plain ]
| 000 -LEADER | |
|---|---|
| fixed length control field | 00667nam a2200253 a 4500 |
| 001 - CONTROL NUMBER | |
| JCCL Control Number | 8402 |
| 003 - CONTROL NUMBER IDENTIFIER | |
| JCCL marc code | BD-JhCC |
| 005 - DATE AND TIME OF LATEST TRANSACTION | |
| control field | 20180222180910.0 |
| 008 - FIXED-LENGTH DATA ELEMENTS--GENERAL INFORMATION | |
| fixed length control field | 180222s1975 bg a|||| |||| 000 0 eng d |
| 035 ## - SYSTEM CONTROL NUMBER | |
| system control number | (BD-JhCC)8402 |
| 040 ## - CATALOGING SOURCE | |
| Original cataloging agency | BD-JhCC |
| Modifying agency | BD-JhCC |
| 041 ## - LANGUAGE CODE | |
| Language code of Book | eng |
| 082 ## - DEWEY DECIMAL CLASSIFICATION NUMBER | |
| Classification number | 538 |
| Author mark and Year | RAF 1975 |
| 100 ## - MAIN ENTRY--PERSONAL NAME | |
| Personal name | Rafiqullah, A. K. |
| 245 ## - TITLE STATEMENT | |
| Title | Concepts of Electricity and Magnetism / |
| Remainder of title | A. K. Rafiqullah, A. K. Roy & M. S. Huq, |
| 250 ## - EDITION STATEMENT | |
| Edition statement | 2nd Edi. |
| 260 ## - PUBLICATION, DISTRIBUTION, ETC. (IMPRINT) | |
| Place of publication, distribution, etc | Dhaka : |
| Name of publisher, distributor, etc | Students Publications, |
| Date of publication, distribution, etc | 1975. |
| 300 ## - PHYSICAL DESCRIPTION | |
| Pagination | iv, 515 p. : |
| Other physical details | ill |
| Dimensions | 22 cm. |
| 650 ## - SUBJECT ADDED ENTRY--TOPICAL TERM | |
| Topical term or geographic name as entry element | Magnetism |
| 700 ## - ADDED ENTRY--PERSONAL NAME | |
| Personal name | Roy, A. K. |
| 700 ## - ADDED ENTRY--PERSONAL NAME | |
| Personal name | Huq, M. S. |
| 942 ## - ADDED ENTRY ELEMENTS (KOHA) | |
| Source of classification or shelving scheme | Dewey Decimal Classification |
| Koha item type | Books |
| Source of classification or shelving scheme | Damaged status | Not for loan | Home library | Current library | Shelving location | Date of accession | Total Checkouts | Full call number | Barcode | Date last seen | Copy number | Koha item type |
|---|---|---|---|---|---|---|---|---|---|---|---|---|
| Dewey Decimal Classification | JCC Rouf Library | JCC Rouf Library | General Stacks | 02/22/2018 | 538 RAF 1975 | 10741 | 02/22/2018 | C-1 | Books |